Harry Potter Characters - Statistics

General Stats
  • This quiz has been taken 40 times
    38 since last reset
  • The average score is 126 of 195
Answer Stats
% Correct
Harry Potter
100%
Hermione Granger
100%
Ron Weasley
100%
Alastor Moody
96%
Albus Dumbledore
96%
Draco Malfoy
96%
George Weasley
96%
Minerva McGonagall
96%
Neville Longbottom
96%
Percy Weasley
96%
Quirinus Quirrell
96%
Remus Lupin
96%
Arthur Weasley
92%
Bill Weasley
92%
Charlie Weasley
92%
Cho Chang
92%
Fred Weasley
92%
Ginny Weasley
92%
Gregory Goyle
92%
James Potter
92%
Lucius Malfoy
92%
Luna Lovegood
92%
Molly Weasley
92%
Rubeus Hagrid
92%
Sirius Black
92%
Tom Riddle Jr
92%
Vincent Crabbe
92%
Bellatrix Lestrange
88%
Dobby
88%
Filius Flitwick
88%
Fleur Delacour
88%
Gilderoy Lockhart
88%
Lily Potter
88%
Oliver Wood
88%
Viktor Krum
88%
Angelina Johnson
84%
Ariana Dumbledore
84%
Dudley Dursley
84%
Igor Karkaroff
84%
Nymphadora Lupin
84%
Peter Pettigrew
84%
Petunia Dursley
84%
Pomona Sprout
84%
Aberforth Dumbledore
80%
Barty Crouch Jr
80%
Blaise Zabini
80%
Cedric Diggory
80%
Cornelius Fudge
80%
Dolores Umbridge
80%
Frank Longbottom
80%
Hannah Abbot
80%
Katie Bell
80%
Kreacher
80%
Marge Dursley
80%
Narcissa Malfoy
80%
Pansy Parkinson
80%
Poppy Pomfrey
80%
Severus Snape
80%
Vernon Dursley
80%
Winky
80%
Alice Longbottom
76%
Aurora Sinistra
76%
Barty Crouch Sr
76%
Bathilda Bagshot
76%
Gabrielle Delacour
76%
Godric Gryffindor
76%
Helga Huflepuff
76%
Kendra Dumbledore
76%
Lavender Brown
76%
Marvolo Gaunt
76%
Olympe Maxime
76%
Salazar Slytherin
76%
Xenophilius Lovegood
76%
Alicia Spinnet
72%
Argus Filch
72%
Firenze
72%
Horace Slughorn
72%
Kingsley Shacklebolt
72%
Lee Jordan
72%
Merope Gaunt
72%
Padma Patil
72%
Parvati Patil
72%
Rita Skeeter
72%
Rolanda Hooch
72%
Rowena Ravenclaw
72%
Susan Bones
72%
Amos Diggory
68%
Antonin Dolohov
68%
Colin Creevey
68%
Corban Yaxley
68%
Dean Thomas
68%
Dennis Creevey
68%
Ernie Macmillan
68%
Fenrir Greyback
68%
Garrick Ollivander
68%
Myrtle Warren
68%
Percival Dumbledore
68%
Rufus Scrimgeour
68%
Seamus Finnigan
68%
Sir Nicholas de Mimsy-Porpington
68%
Sybill Trelawney
68%
Teddy Lupin
68%
Anthony Goldstein
64%
Cormac McLaggen
64%
Cuthbert Binns
64%
Elphias Doge
64%
Grawp
64%
Helena Ravenclaw
64%
Hugo Granger-Weasley
64%
Irma Pince
64%
Millicent Bulstrode
64%
Morfin Gaunt
64%
Rose Granger-Weasley
64%
Walden McNair
64%
Augusta Longbottom
60%
Bane
60%
Dedalus Diggle
60%
Griphook
60%
Justin Finch-Fletchley
60%
Ludo Bagman
60%
Madam Rosmerta
60%
Mundungus Fletcher
60%
Terry Boot
60%
The Bloody Baron
60%
The Fat Friar
60%
Albert Runcorn
56%
Albus Severus Potter
56%
Alecto Carrow
56%
Amelia Bones
56%
Amycus Carrow
56%
Andromeda Tonks
56%
Arabella Figg
56%
Augustus Rookwood
56%
Gellert Grindelwand
56%
Hokey
56%
Ignotus Peverell
56%
James Sirius Potter
56%
Marcus Flint
56%
Marietta Edgecombe
56%
Nagini
56%
Peeves
56%
Phineas Nigellus Black
56%
Pius Thicknesse
56%
Regulus Black
56%
Stan Shunpike
56%
Zacharias Smith
56%
Lily Luna Potter
52%
Mafalda Hopkirk
52%
Michael Corner
52%
Newt Scamander
52%
Antioch Peverell
48%
Muriel
48%
Reginald Cattermole
48%
Theodore Nott
48%
Cadmus Peverell
44%
Charity Burbage
44%
Demelza Robins
44%
Emmeline Vance
44%
Gregorovitch
44%
Penelope Clearwater
44%
Roger Davies
44%
Ronan
44%
Septima Vector
44%
Sir Cadogan
44%
The Fat Lady
44%
Travers
44%
Aragog
40%
Dirk Cresswell
40%
Frank Bryce
40%
Madam Malkin
40%
Wilkie Twycross
40%
Bob Ogden
36%
Florean Fortescue
36%
John Dawlish
36%
Magorian
36%
Sturgis Podmore
36%
Ted Tonks
36%
Tom Riddle Sr
36%
Evan Rosier
32%
Scorpius Malfoy
32%
Thorfinn Rowle
32%
Gornuk
28%
Silvanus Kettleburn
28%
Bogrod
24%
Rabastan Lestrange
24%
Daphne Greengrass
20%
Walburga Black
16%
Wilhelmina Grubbly-Plank
16%
Miles Bletchley
8%
Perkins
8%
Rudolphus Lestrange
8%
Beedle the Bard
4%
Sally-Anne Perks
4%
Tom the Innkeeper
4%
Dragomir Gorgovitch
0%
No matching quizzes found
Score Distribution
Percent of People with Each Score
Percentile by Number Answered
Your Score History
You have not taken this quiz since the last reset